000 00367nam a2200133Ia 4500
008 220217s9999||||xx |||||||||||||| ||und||
020 _a81-203-0749-6
082 _a005.43 RIC
100 _aStevens, Richard, W
_91896
245 0 _aUnix network programming
260 _aPrentice hall of india
_bNew Delhi
_c2004
300 _b250
650 _aOperating systems
999 _c172824
_d172824